[Event "Mittelfrank Regionalliga Sud-West 2122"]
[Site "Mittelfranken"]
[Date "2022.05.29"]
[Round "9.8"]
[White "Rempel, Alexander1111"]
[Black "Stadler, Wolfgang"]
[Result "1/2-1/2"]
[WhiteElo "1587"]
[BlackElo "1847"]
[PlyCount "87"]
[EventDate "2021.10.24"]
[EventType "team-tourn"]
[EventRounds "9"]
[EventCountry "GER"]
[SourceTitle "EXT 2024"]
[Source "ChessBase"]
[SourceDate "2023.10.10"]
[SourceVersion "1"]
[SourceVersionDate "2023.10.10"]
[SourceQuality "1"]
[WhiteTeam "Augsburg Schachfreunde"]
[BlackTeam "Muenchen Suedost II"]
[WhiteTeamCountry "GER"]
[BlackTeamCountry "GER"]

1. e4 e6 2. d4 d5 3. exd5 exd5 4. Bd3 Nc6 5. c3 Bd6 6. Qf3 Nge7 7. Bf4 Be6 8. Ne2 Qd7 9. Bxd6 Qxd6 10. h3 Ng6 11. Qg3 Qxg3 12. fxg3 0-0-0 13. Nd2 Nce7 14. Rf1 f6 15. Nb3 b6 16. Kd2 Rde8 17. a4 a5 18. Nf4 Nxf4 19. Rxf4 Bd7 20. Nc1 Kd8 21. b4 Nc6 22. b5 Ne7 23. g4 h6 24. Ne2 Nc8 25. Ng3 Nd6 26. Nf5 Bxf5 27. gxf5 Re7 28. Re1 Rhe8 29. Rxe7 Rxe7 30. g4 Kd7 31. Rf1 Nf7 32. h4 Kd6 33. Rb1 Kd7 34. Rc1 Nd6 35. Re1 Rxe1 36. Kxe1 c6 37. Kd1 Nb7 38. bxc6+ Kxc6 39. Bb5+ Kc7 40. Kc2 Nd6 41. Kb3 Ne4 42. Kc2 Nd6 43. Kb3 Nc8 44. Kb2 1/2-1/2

[Event "Regionalliga SW 1617"]
[Site "Bayern"]
[Date "2017.03.19"]
[Round "7.8"]
[White "Stadler, Wolfgang"]
[Black "Essler, Richard"]
[Result "1/2-1/2"]
[WhiteElo "1868"]
[BlackElo "1844"]
[PlyCount "46"]
[EventDate "2016.10.16"]
[EventType "team-tourn"]
[EventRounds "9"]
[EventCountry "GER"]
[SourceTitle "EXT 2019"]
[Source "ChessBase"]
[SourceDate "2018.10.10"]
[SourceVersion "1"]
[SourceVersionDate "2018.10.10"]
[SourceQuality "1"]
[WhiteTeam "Muenchen Suedost II"]
[BlackTeam "Mering"]
[WhiteTeamCountry "GER"]
[BlackTeamCountry "GER"]

1. e4 c5 2. Nf3 d6 3. d4 cxd4 4. Nxd4 Nf6 5. f3 a6 6. c4 g6 7. Nc3 Bg7 8. Be3 0-0 9. Qd2 Nc6 10. Be2 Nxd4 11. Bxd4 Be6 12. Rc1 Rc8 13. b3 Nd7 14. Bxg7 Kxg7 15. 0-0 Qb6+ 16. Kh1 Nf6 17. Rfd1 h5 18. Nd5 Nxd5 19. exd5 Bf5 20. Bd3 Bxd3 21. Qxd3 Rfe8 22. g3 e5 23. Rc2 Re7 1/2-1/2

[Event "Oberliga Bayern 1314"]
[Site "Bayern"]
[Date "2013.11.10"]
[Round "2.8"]
[White "Stadler, Wolfgang"]
[Black "Scheckenbach, Franz"]
[Result "1/2-1/2"]
[WhiteElo "2053"]
[BlackElo "2161"]
[PlyCount "67"]
[EventDate "2013.10.13"]
[EventType "team-tourn"]
[EventRounds "9"]
[EventCountry "GER"]
[SourceTitle "EXT 2015"]
[Source "ChessBase"]
[SourceDate "2014.11.20"]
[SourceVersion "1"]
[SourceVersionDate "2014.11.20"]
[SourceQuality "1"]
[WhiteTeam "Muenchen Suedost"]
[BlackTeam "Groebenzell"]
[WhiteTeamCountry "GER"]
[BlackTeamCountry "GER"]

1. e4 c5 2. Nf3 d6 3. d4 cxd4 4. Nxd4 Nf6 5. f3 e5 6. Nb3 Be6 7. c4 Qc7 8. Na3 a6 9. Be3 Nbd7 10. Be2 Be7 11. 0-0 0-0 12. Rc1 Rfe8 13. Nb1 Rac8 14. Nc3 Qb8 15. Nd5 Bf8 16. Qd2 b6 17. Rfd1 a5 18. Bf1 Qb7 19. Qf2 Rc6 20. Nd2 Rcc8 21. Nb1 b5 22. b3 bxc4 23. bxc4 Bxd5 24. exd5 Rc7 25. Nc3 Nc5 26. Nb5 Rd7 27. g3 Rdd8 28. Bh3 Nfd7 29. Bf1 f5 30. Bd2 Ra8 31. Rb1 Qc8 32. Be3 Be7 33. Qd2 Nf6 34. Qf2 1/2-1/2

[Event "Bayern-chI Bank Hofmann 17th"]
[Site "Bad Wiessee"]
[Date "2013.10.26"]
[Round "1"]
[White "Sedina, Elena"]
[Black "Stadler, Wolfgang"]
[Result "1-0"]
[WhiteElo "2312"]
[BlackElo "2053"]
[PlyCount "61"]
[EventDate "2013.10.26"]
[EventType "swiss"]
[EventRounds "9"]
[EventCountry "GER"]
[SourceTitle "EXT 2014"]
[Source "ChessBase"]
[SourceDate "2013.11.20"]
[SourceVersion "1"]
[SourceVersionDate "2013.11.20"]
[SourceQuality "1"]

1. e4 e6 2. d4 d5 3. e5 c5 4. c3 Nc6 5. Nf3 Qb6 6. a3 c4 7. Nbd2 Na5 8. Be2 Bd7 9. Rb1 Qc7 10. 0-0 Ne7 11. Qc2 Rc8 12. Ng5 h6 13. Nh7 Nf5 14. Nxf8 Kxf8 15. g4 Ne7 16. f4 g6 17. Nf3 Qd8 18. Be3 h5 19. h3 Ng8 20. Bd1 hxg4 21. hxg4 Nc6 22. Qg2 Qe7 23. Bc2 Ke8 24. f5 exf5 25. gxf5 Bxf5 26. Bxf5 gxf5 27. Qg7 Rh3 28. Qxg8+ Kd7 29. Qg2 Rch8 30. Kf2 Qe6 31. Ng5 1-0

[Event "Regionalliga SW 0910"]
[Site "Bayern"]
[Date "2010.03.21"]
[Round "8.8"]
[White "Wechs, Julian"]
[Black "Stadler, Wolfgang"]
[Result "0-1"]
[WhiteElo "1642"]
[BlackElo "1940"]
[PlyCount "112"]
[EventDate "2009.10.18"]
[EventType "team-tourn"]
[EventRounds "9"]
[EventCountry "GER"]
[SourceTitle "EXT 2011"]
[Source "ChessBase"]
[SourceDate "2010.11.26"]
[SourceVersion "1"]
[SourceVersionDate "2010.11.26"]
[SourceQuality "1"]
[WhiteTeam "Sonthofen"]
[BlackTeam "Muenchen Suedost"]
[WhiteTeamCountry "GER"]
[BlackTeamCountry "GER"]

1. Nf3 e6 2. d3 d5 3. Nbd2 c5 4. e4 Nc6 5. g3 Bd6 6. Bg2 Nge7 7. 0-0 0-0 8. Re1 Qc7 9. Qe2 f6 10. Nf1 Bd7 11. Ne3 Be8 12. Bh3 Bf7 13. c3 Rfe8 14. Nd2 d4 15. Nec4 e5 16. Nxd6 Qxd6 17. c4 a6 18. Nf3 b5 19. b3 b4 20. Nh4 a5 21. Nf5 Nxf5 22. Bxf5 Be6 23. Qg4 Bxf5 24. Qxf5 Qe6 25. Qf3 a4 26. Bd2 Ra7 27. Reb1 Rea8 28. Qd1 Qd7 29. a3 axb3 30. axb4 Rxa1 31. Rxa1 Rxa1 32. Qxa1 Qa7 33. Qxa7 Nxa7 34. Bc1 cxb4 35. Kf1 Kf7 36. Ke1 Ke6 37. Kd1 Kd6 38. Bd2 Kc5 39. Kc1 Nc6 40. Kb2 Na5 41. h4 g6 42. g4 h5 43. gxh5 gxh5 44. Bh6 Nxc4+ 45. dxc4 Kxc4 46. f3 Kd3 47. Kxb3 Ke2 48. f4 d3 49. fxe5 fxe5 50. Kxb4 d2 51. Bxd2 Kxd2 52. Kc5 Ke3 53. Kd5 Kf4 54. Ke6 Kxe4 55. Kf6 Kf4 56. Kg6 Kg4 0-1

[Event "Regionalliga SW 0809"]
[Site "Bayern"]
[Date "2009.03.01"]
[Round "7.8"]
[White "Zellweger, Wilfried"]
[Black "Stadler, Wolfgang"]
[Result "1/2-1/2"]
[WhiteElo "1967"]
[BlackElo "1998"]
[PlyCount "44"]
[EventDate "2008.10.05"]
[EventType "team-tourn"]
[EventRounds "9"]
[EventCountry "GER"]
[SourceTitle "EXT 2020"]
[Source "ChessBase"]
[SourceDate "2019.10.17"]
[SourceVersion "1"]
[SourceVersionDate "2019.10.17"]
[SourceQuality "1"]
[WhiteTeam "Tuerkheim"]
[BlackTeam "Muenchen Suedost"]
[WhiteTeamCountry "GER"]
[BlackTeamCountry "GER"]

1. e4 e6 2. d4 d5 3. Nc3 Bb4 4. Bd2 dxe4 5. Qg4 Nf6 6. Qxg7 Rg8 7. Qh6 Qxd4 8. 0-0-0 Bf8 9. Qh4 Rg4 10. Qh3 Qxf2 11. Be2 Rh4 12. Qxh4 Qxh4 13. g3 e3 14. gxh4 exd2+ 15. Kb1 Bb4 16. Rxd2 Bxc3 17. bxc3 Ne4 18. Nf3 Nxd2+ 19. Nxd2 Nc6 20. Rg1 Kf8 21. Ne4 Ne5 22. Nf6 Ke7 1/2-1/2

[Event "Regionalliga SW 0708"]
[Site "Bayern"]
[Date "2007.12.09"]
[Round "4.7"]
[White "Maugg, Ludwig"]
[Black "Stadler, Wolfgang"]
[Result "1/2-1/2"]
[WhiteElo "1949"]
[BlackElo "1947"]
[PlyCount "88"]
[EventDate "2007.10.21"]
[EventType "team-tourn"]
[EventRounds "9"]
[EventCountry "GER"]
[SourceTitle "EXT 2009"]
[Source "ChessBase"]
[SourceDate "2008.11.26"]
[SourceVersion "1"]
[SourceVersionDate "2008.11.26"]
[SourceQuality "1"]
[WhiteTeam "Sonthofen"]
[BlackTeam "Muenchen Suedost"]
[WhiteTeamCountry "GER"]
[BlackTeamCountry "GER"]

1. d4 e6 2. c4 f5 3. g3 Nf6 4. Bg2 c6 5. Qc2 d5 6. Nh3 Bd6 7. 0-0 0-0 8. Nd2 Qe7 9. Nf3 b6 10. Bf4 Nbd7 11. cxd5 cxd5 12. Qc6 Bxf4 13. Qxa8 Bb8 14. Qc6 Ba6 15. Rfe1 Rc8 16. Qa4 Bb7 17. Rac1 Rf8 18. Nf4 Ne4 19. Nd3 a6 20. Qb3 b5 21. a4 Nd6 22. Qb4 Qd8 23. Nfe5 a5 24. Qb3 b4 25. Nxd7 Qxd7 26. Ne5 Qe8 27. e3 Ba6 28. Bf1 Bxf1 29. Rxf1 Ne4 30. Rfd1 Bxe5 31. dxe5 Qh5 32. f4 Qg4 33. Qc2 h5 34. Qg2 Kh7 35. Rf1 Rd8 36. Rfd1 b3 37. Rd4 Rd7 38. Rc6 Re7 39. h3 Qg6 40. Kh2 Qf7 41. g4 g6 42. g5 Rc7 43. Rxc7 Qxc7 44. Rd1 Qc4 1/2-1/2

[Event "Regionalliga SW 0506"]
[Site "Bayern"]
[Date "2005.11.13"]
[Round "2.7"]
[White "Sperr, Johannes"]
[Black "Stadler, Wolfgang"]
[Result "1/2-1/2"]
[WhiteElo "2018"]
[BlackElo "1918"]
[PlyCount "64"]
[EventDate "2005.10.23"]
[EventType "team-tourn"]
[EventRounds "9"]
[EventCountry "GER"]
[SourceTitle "EXT 2007"]
[Source "ChessBase"]
[SourceDate "2006.11.23"]
[SourceVersion "1"]
[SourceVersionDate "2006.11.23"]
[SourceQuality "1"]

1. c4 e5 2. Nc3 d6 3. g3 Be6 4. Bg2 Nc6 5. d3 Qd7 6. Nf3 g6 7. Ng5 Bf5 8. e4 Be6 9. 0-0 Bg7 10. Be3 Nge7 11. f4 Bg4 12. Qb3 f6 13. Nf3 Nd8 14. d4 Ndc6 15. fxe5 fxe5 16. dxe5 Bxf3 17. Bxf3 Bxe5 18. Kg2 0-0-0 19. Nd5 h5 20. h4 Rdf8 21. Rad1 a6 22. Qa3 Bg7 23. b4 Ne5 24. Be2 Nxd5 25. cxd5 Ng4 26. Bg1 g5 27. b5 gxh4 28. bxa6 bxa6 29. Qxa6+ Kd8 30. Bb5 h3+ 31. Kh1 Qc8 32. Qa7 Be5 1/2-1/2